[Event "GER-chT U20 Girls"]
[White "Jaeger, Jasmin"]
[Black "Spangenberg, Pia"]
[Site "Osnabrueck"]
[Round "7.3"]
[Result "0-1"]
[Date "2011.12.30"]
[WhiteElo "736"]
[BlackElo "1642"]
[PlyCount "54"]
[EventDate "2011.12.27"]
[EventType "team-swiss"]
[EventRounds "7"]
[EventCountry "GER"]
[SourceTitle "CBM 146 Extra"]
[Source "ChessBase"]
[SourceDate "2012.02.29"]
[SourceVersion "1"]
[SourceVersionDate "2012.02.29"]
[SourceQuality "1"]
[WhiteTeam "Kassel (W)"]
[BlackTeam "Leipzig Lindenau (W)"]
[WhiteTeamCountry "GER"]
[BlackTeamCountry "GER"]

1. e4 Nf6 2. Nc3 Nc6 3. d3 d5 4. g3 d4 5. Nce2 e5 6. Nf3 Bg4 7. Bg2 Bd6 8. 0-0 h6 9. Bd2 Qd7 10. Re1 0-0-0 11. Nc1 Rdf8 12. Nb3 Kb8 13. Qe2 Nh7 14. c3 Ng5 15. h4 Nxf3+ 16. Bxf3 Bxf3 17. Qxf3 f5 18. Rf1 Rhg8 19. exf5 Rxf5 20. Qe2 g5 21. hxg5 hxg5 22. Qg4 Qh7 23. Rfe1 dxc3 24. bxc3 Rh8 25. Kf1 Rhf8 26. Be3 Qh2 27. Re2 Qh1# 0-1